| 000 | 00417nam a2200169Ia 4500 | ||
|---|---|---|---|
| 008 | 230524s9999 xx 000 0 und d | ||
| 020 | _a019806621X | ||
| 082 |
_a155.26 _bMIT |
||
| 100 | _aBarun K.Mitra | ||
| 245 | 0 | _aPersonality Development and Soft Skills | |
| 250 | _a7 | ||
| 260 |
_aNew Delhi _bOxford _c2012 |
||
| 300 | _a"xviii,254p;" | ||
| 500 | _aQuantity Number: 50 | ||
| 650 | _aEnglish | ||
| 942 | _cBK | ||
| 999 |
_c52249 _d52249 |
||